| 000 | 00688cam a2200241 4500500 | ||
|---|---|---|---|
| 005 | 20260405003539.0 | ||
| 041 | _afre | ||
| 042 | _adc | ||
| 100 | 1 | 0 |
_aSorente, Isabelle _eauthor |
| 245 | 0 | 0 | _aFaut-il suivre son intuition ? |
| 260 | _c2022. | ||
| 500 | _a56 | ||
| 690 | _aCamille Riquier | ||
| 690 | _aChoix | ||
| 690 | _aDécision | ||
| 690 | _aÉcole | ||
| 690 | _aHélène Lœvenbruck | ||
| 690 | _aHenri Bergson | ||
| 690 | _aIntuition | ||
| 690 | _aNeurosciences | ||
| 786 | 0 | _nPhilosophie magazine | 162 | 9 | 2022-09-01 | p. 22-23 | 1951-1787 | |
| 856 | 4 | 1 | _uhttps://shs.cairn.info/magazine-philosophie-magazine-2022-9-page-22?lang=fr&redirect-ssocas=7080 |
| 999 |
_c2068587 _d2068587 |
||